مكتبة جامعة عجلون الوطنية

فهرس بحث المكتبة

الحل الإسلامي في الأردن : الإسلاميون والدولة ورهانات الديمقراطية والأمن (Record no. 28928)

MARC details
000 -LEADER
fixed length control field 01006nam a2200229Ii 4500
003 - CONTROL NUMBER IDENTIFIER
control field JO-AjNU
008 - FIXED-LENGTH DATA ELEMENTS--GENERAL INFORMATION
fixed length control field 230605s9999||||xx |||||||||||||| ||und||
017 ## - COPYRIGHT OR LEGAL DEPOSIT NUMBER
Copyright or legal deposit number 2014/12/5689
020 ## - INTERNATIONAL STANDARD BOOK NUMBER
International Standard Book Number 978-9957-484-49-1
040 ## - CATALOGING SOURCE
Original cataloging agency JO-AjNU
Language of cataloging ara
Description conventions rda
Transcribing agency JO-AjNU
041 ## - LANGUAGE CODE
Language code of text/sound track or separate title ara
050 14 - LIBRARY OF CONGRESS CALL NUMBER
Classification number BP63.J6.A28 2014
100 3# - MAIN ENTRY--PERSONAL NAME
Personal name أبو رمان، محمد ؛ م.مشارك: حسن أبو هنية ؛ مراجعة وتدقيق: ميس نوايسة ، فراس خير الله,
Relator term author
9 (RLIN) 56689
245 00 - TITLE STATEMENT
Title الحل الإسلامي في الأردن : الإسلاميون والدولة ورهانات الديمقراطية والأمن
250 ## - EDITION STATEMENT
Edition statement ط2
264 31 - PRODUCTION, PUBLICATION, DISTRIBUTION, MANUFACTURE, AND COPYRIGHT NOTICE
Place of production, publication, distribution, manufacture عمان: مؤسسة فريدريش ايبرت، 2014
300 ## - PHYSICAL DESCRIPTION
Extent 460ص
Other physical details المصادر والمراجع ص 435-460
336 ## - CONTENT TYPE
Content type term text
Content type code txt
Source rdacontent
337 ## - MEDIA TYPE
Media type term unmediated
Media type code n
Source rdamedia
338 ## - CARRIER TYPE
Carrier type term volume
Carrier type code nc
Source rdacarrier
650 #4 - SUBJECT ADDED ENTRY--TOPICAL TERM
Topical term or geographic name entry element جماعة الاخوان المسلمين- الاردن- الاسلام والدولة
9 (RLIN) 56690
Holdings
Withdrawn status Lost status Source of classification or shelving scheme Damaged status Not for loan Home library Current library Shelving location Date acquired Total Checkouts Full call number Barcode Date last seen Price effective from Koha item type
    Library of Congress Classification     مكتبة جامعة عجلون الوطنية مكتبة جامعة عجلون الوطنية المجموعات العامة 06/06/2023   BP63.J6.A28 2014 A25360 06/06/2023 06/06/2023 Books